[Event "Niedersachsen-ch U12"]
[Site "Borkum"]
[Date "2004.04.08"]
[Round "8"]
[White "Bohn, Dennis"]
[Black "Nikolas, Arthur"]
[Result "1/2-1/2"]
[WhiteElo "829"]
[BlackElo "892"]
[PlyCount "73"]
[EventDate "2004.04.??"]
[EventType "swiss"]
[EventRounds "9"]
[EventCountry "GER"]
[SourceTitle "EXT 2005"]
[Source "ChessBase"]
[SourceDate "2004.11.15"]
[SourceVersion "1"]
[SourceVersionDate "2004.11.15"]
[SourceQuality "1"]

1. e4 d5 2. e5 f6 3. exf6 Nxf6 4. d4 Bf5 5. Nf3 Nbd7 6. Be3 e6 7. Nc3 Ne4 8. Nxe4 Bxe4 9. Bd3 Bxd3 10. Qxd3 Be7 11. 0-0-0 Nb6 12. Ne5 Qd6 13. f4 Bf6 14. Rhf1 Bxe5 15. fxe5 Qb4 16. Bd2 Qa4 17. b3 Qa3+ 18. Kb1 a5 19. Qb5+ Kd8 20. Rf2 Ra6 21. Rdf1 g6 22. Bg5+ Kc8 23. c3 a4 24. b4 c6 25. Rf8+ Rxf8 26. Rxf8+ Kc7 27. Qc5 Nc4 28. Bd8+ Kc8 29. Bb6+ Kd7 30. Qe7+ Kxe7 31. Bc5+ Kd7 32. Rf7+ Kc8 33. Rf8+ Kc7 34. Rf7+ Kb8 35. Rf8+ Kc7 36. Rf7+ Kd8 37. Rf8+ 1/2-1/2

[Event "Niedersachsen-ch U12"]
[Site "Borkum"]
[Date "2004.04.07"]
[Round "7"]
[White "Nikolas, Arthur"]
[Black "Raimann, Christian"]
[Result "0-1"]
[WhiteElo "892"]
[BlackElo "1103"]
[PlyCount "36"]
[EventDate "2004.04.??"]
[EventType "swiss"]
[EventRounds "9"]
[EventCountry "GER"]
[SourceTitle "EXT 2005"]
[Source "ChessBase"]
[SourceDate "2004.11.15"]
[SourceVersion "1"]
[SourceVersionDate "2004.11.15"]
[SourceQuality "1"]

1. e4 e5 2. d3 Nf6 3. Bd2 d5 4. Be2 dxe4 5. dxe4 Nxe4 6. Nf3 Nc6 7. Bb5 Bd7 8. Bxc6 Bxc6 9. Nxe5 Qd4 10. Nd3 Bc5 11. Be3 Qd6 12. Nxc5 Nxc5 13. 0-0 Qg6 14. g3 Qe4 15. f3 Qxe3+ 16. Kg2 0-0 17. Nc3 Rad8 18. Qe2 Rd2 0-1

[Event "Niedersachsen-ch U12"]
[Site "Borkum"]
[Date "2004.04.04"]
[Round "2"]
[White "Miclea, Andrei"]
[Black "Nikolas, Arthur"]
[Result "1-0"]
[WhiteElo "1319"]
[BlackElo "892"]
[PlyCount "63"]
[EventDate "2004.04.??"]
[EventType "swiss"]
[EventRounds "9"]
[EventCountry "GER"]
[SourceTitle "EXT 2005"]
[Source "ChessBase"]
[SourceDate "2004.11.15"]
[SourceVersion "1"]
[SourceVersionDate "2004.11.15"]
[SourceQuality "1"]

1. Nf3 Nf6 2. d4 d5 3. c4 e6 4. e3 c5 5. Nc3 Nc6 6. b3 b6 7. Bb2 Bb7 8. Be2 Be7 9. 0-0 0-0 10. cxd5 Nxd5 11. Nxd5 Qxd5 12. Bc4 Qe4 13. Qd3 Qxd3 14. Bxd3 Nb4 15. Be2 cxd4 16. Nxd4 Rac8 17. Ba3 a5 18. Rac1 Rfd8 19. Bg4 f5 20. Nxe6 Rxc1 21. Rxc1 Rd6 22. Bxf5 Bd5 23. Bxb4 axb4 24. Nd4 Bf6 25. h3 Bf7 26. Rc8+ Rd8 27. Rc6 Bxd4 28. exd4 Rxd4 29. Rc8+ Be8 30. Rxe8+ Kf7 31. Re4 Rxe4 32. Bxe4 1-0

[Event "Niedersachsen-ch U12"]
[Site "Borkum"]
[Date "2004.04.04"]
[Round "3"]
[White "Nikolas, Arthur"]
[Black "Kaiser, Jonas"]
[Result "1-0"]
[WhiteElo "892"]
[BlackElo "882"]
[PlyCount "63"]
[EventDate "2004.04.??"]
[EventType "swiss"]
[EventRounds "9"]
[EventCountry "GER"]
[SourceTitle "EXT 2005"]
[Source "ChessBase"]
[SourceDate "2004.11.15"]
[SourceVersion "1"]
[SourceVersionDate "2004.11.15"]
[SourceQuality "1"]

1. e4 e6 2. Bc4 d5 3. exd5 exd5 4. Bb5+ c6 5. Be2 Bd6 6. Nf3 Be6 7. d3 Nf6 8. Bd2 Nbd7 9. c4 Qc7 10. Nc3 dxc4 11. dxc4 Nc5 12. b4 Ncd7 13. c5 Be5 14. Nxe5 Nxe5 15. Bf4 Nfd7 16. Bg3 Qc8 17. f4 Ng4 18. Bxg4 Nf6 19. Bxe6 Qxe6+ 20. Qe2 0-0 21. Qxe6 fxe6 22. 0-0-0 Rae8 23. Rhe1 Nh5 24. Re5 Rf6 25. Rd7 g5 26. fxg5 Rf1+ 27. Kc2 Nxg3 28. hxg3 Rf2+ 29. Kb3 Rxg2 30. Re3 b5 31. Rd6 Rf8 32. Rdxe6 1-0